Morte in Persia /
Nel 1935 la giornalista e fotografa di origine svizzera, Annamarie Schwarzenbach, parte per la Persia. E' in viaggio di nozze con Claude Carac, un diplomatico francese che ha sposato in un momento di debolezza. La sua unica fonte di serenità è la scrittura, che l'aiuta a sopravvivere ad un matrimoni...
Gorde:
| Egile nagusia: | |
|---|---|
| Beste egile batzuk: | , |
| Formatua: | Liburua |
| Hizkuntza: | italiera |
| Argitaratua: |
Roma :
e/o,
1998
|
| Saila: | Dal mondo
|
| Etiketak: |
Etiketarik gabe, Izan zaitez lehena erregistro honi etiketa jartzen!
|
MARC
| LEADER | 00000nam a22000007i 4500 | ||
|---|---|---|---|
| 001 | IT\ICCU\RAV\0323153 | ||
| 003 | ItRI | ||
| 005 | 20260115231925.0 | ||
| 008 | 981019s1998 it |||||| ||||| |||||c | ||
| 020 | |a 8876413588 | ||
| 020 | |a 9788876413582 | ||
| 040 | |b ita |c importazione bologna sebina | ||
| 041 | 7 | |a ita |2 ISO-639-2 | |
| 082 | |a 833.912 |9 NARRATIVA TEDESCA. 1900-1945 |2 20 | ||
| 100 | 1 | |a Schwarzenbach, Annemarie |0 IT\ICCU\RMLV\035312 |4 aut | |
| 240 | 1 | 0 | |a Tod in Persien. |3 IT\ICCU\RAV\0323154 |9 Schwarzenbach, Annemarie |
| 245 | 1 | 0 | |a Morte in Persia / |c Annemarie Schwarzenbach ; traduzione dal tedesco di Chiara Guidi ; postfazione di Elisabetta D'Erme. |
| 260 | |a Roma : |b e/o, |c 1998 | ||
| 300 | |a 134 p., [8] c. di tav. : |b ill. ; |c 21 cm. | ||
| 520 | |a Nel 1935 la giornalista e fotografa di origine svizzera, Annamarie Schwarzenbach, parte per la Persia. E' in viaggio di nozze con Claude Carac, un diplomatico francese che ha sposato in un momento di debolezza. La sua unica fonte di serenità è la scrittura, che l'aiuta a sopravvivere ad un matrimonio sbagliato e ad un Paese spaventosamente estraneo. Nasce così questo romanzo autobiografico, ricco di riflessioni sulla realtà politica del tempo e sui diversi aspetti della morte. | ||
| 700 | 1 | |a D'Erme, Elisabetta |0 IT\ICCU\RAVV\057891 |4 aft | |
| 700 | 1 | |a Guidi, Chiara, |d (1960- ) |0 IT\ICCU\REAV\091201 |4 trl | |
| 830 | 0 | |a Dal mondo |0 IT\ICCU\LO1\0350203 | |
| 942 | |2 ddc |c BK |n 0 | ||
| 952 | |0 0 |1 0 |4 0 |6 L_833_912000000000000_SCH |7 0 |9 16634 |a BO |b BO |d 2026-01-15 |i 13675 |l 0 |o L 833.912 SCH |p BO13675 |r 2026-01-15 23:19:25 |w 2026-01-15 |x [Sebina 5] [1 v.] |y BK |z 1 v. (rist. 1999) | ||
| 999 | |c 14233 |d 14233 | ||